00861cam a2200205 4500001001100000008004100011020001800052035001500070050002300085245024500108260002700353300002100380440003700401500001700438504002900455650004400484650004900528700003500577700004300612BIIH004793 1987 spa  a968-496-100-6 aBIIH004793 4aF1386b.5 V68 1987 2aY Volvió a temblar : cronología de los sismos en México : (de1 pedernal a 1821) /ccoord. Teresa Rojas Rabiela, Juan Manuel Pérez Zevallos, Virginia García Acosta ; colab. Jorge Chávez ... [et al.] ; introd. Juan Pedro Viqueira. aMéxico :bSEP,c1987 a201 p. ;c23 cm. 0aCuadernos de la Casa Chata ; 135 a2 ejemplares aBibliografia: p. 197-201 4aTerremotosxMéxicoxHistoriaxFuentes 4aTerremotosxMéxicoxHistoriaxCronología1 aRojas Rabiela, Teresa,ecoord.1 aPérez Zevallos, Juan Manuel,ecoord.